Riconosci il Pokémon - Quiz n°661 - Statistics

Statistiche generali
  • Questo quiz è stato fatto 0 volte
  • Il punteggio medio è 0 su 10
Statistiche sulle risposte
Indizio Riposta % Corretto
Altezza 0,5 m
0%
Peso 3,9 kg
0%
Tasso di cattura 45 (11.9%)
0%
Sesso 50% ♂, 50% ♀
0%
Tipo Acqua / Veleno; Buio / Veleno (Hisui)
0%
Tasso di allevamento Medio-Veloce
0%
Stadio evoluzione Non si evolve (Normale); Forma Base (Hisui)
0%
Pokémon Qwilfish
0%
Generazione Seconda
0%
Abilità Velenopunte; Nuotovelox; Prepotenza
0%
Nessun quiz corrispondente trovato
Distribuzione punteggi
Percentuale di utenti per punteggio
Percentile per numero di risposta
I tuoi punteggi nel tempo
Non hai fatto questo quiz